| 000 | 00401pab a2200157 454500 | ||
|---|---|---|---|
| 008 | 180718b2005 xxu||||| |||| 00| 0 eng d | ||
| 100 | _aNawal, A.B. | ||
| 245 | _aGlimpses of change made in foreign trade policy 2004-2009 | ||
| 260 | _c2005 | ||
| 300 | _ap.383-86. | ||
| 362 | _aMay | ||
| 650 | _aTrade policy | ||
| 650 | _aInternational trade | ||
| 773 | _aManagement Accountant | ||
| 909 | _a65075 | ||
| 999 |
_c65075 _d65075 |
||